| 000 | 00704nam a22002057a 4500 | ||
|---|---|---|---|
| 999 |
_c6902 _d6902 |
||
| 003 | AR-CdUCM | ||
| 008 | 190319b ||||| |||| 00| 0 spa d | ||
| 040 |
_aMUNICIPALIDAD PROVINCIAL DEL CUSCO _cBIBLIOTECA MUNICIPAL DEL CUSCO |
||
| 082 |
_a624.171 / _bC35 |
||
| 100 |
_aCastillo Martínez, Heberto. _919449 |
||
| 245 | _aAnálisis y diseño estructural./ | ||
| 260 |
_aMéxico, _bRepresentaciones y servicios de ingeniería, _c1973. |
||
| 300 |
_a749 paginas ; _bFormulas, diagramas, _c23 cm. |
||
| 650 |
_aDiseño estructural _919450 |
||
| 650 |
_aIngeniería civil _919451 |
||
| 650 | n |
_aAnálisis _92730 |
|
| 710 |
_aCentro regional de ayuda técnica _910048 |
||
| 942 |
_2ddc _cLIBROS |
||
| 945 | _awnts | ||